Detalles MARC
| 000 -LÍDER |
| Campo fijo de descripción fija |
02053nam a22004214i 4500 |
| 001 - NÚMERO DE CONTROL |
| Campo de control |
ebr10084120 |
| 003 - IDENTIFICADOR DEL NÚMERO DE CONTROL |
| Campo de control |
CO-MdFUSB |
| 005 - FECHA Y HORA DE LA ULTIMA TRANSACCIÓN |
| control field |
20200414203320.0 |
| 006 - ELEMENTOS DE LONGITUD FIJA - CARACTERÍSTICAS DE MATERIALES ADICIONALES - INFORMACIÓN GENERAL |
| Campo fijo de descripción fija -- Información general |
m u |
| 007 - CAMPO FIJO DE DESCRIPCIÓN FIJA--INFORMACIÓN GENERAL |
| Campo fijo de descripción fija |
cr cn||||||||| |
| 008 - ELEMENTOS DE LONGITUD FIJA -- INFORMACIÓN GENERAL |
| Campo fijo de descripción fija -- Información general |
200510t2004 ag ||||gs|||||||||||spa d |
| 020 ## - NÚMERO INTERNACIONAL NORMALIZADO PARA LIBROS |
| Número Internacional Normalizado del libro |
9781413598544 |
| 040 ## - FUENTE DE CATALOGACIÓN |
| Agencia de catalogación original |
FlNmELB |
| Idioma de catalogación |
spa. |
| Agencia que realiza la transcripción |
CO-MdFUSB |
| Agencia que realiza la modificación |
CO-MdFUSBC |
| Convenciones de la descripción |
rda |
| 041 ## - CÓDIGO DE IDIOMA |
| Código de idioma para texto/pista de sonido o título separado |
spa |
| 082 ## - NÚMERO DE CLASIFICACIÓN DECIMAL DEWEY |
| Número de clasificación |
307.76098 |
| 100 1# - ASIENTO PRINCIPAL--NOMBRE PERSONAL |
| Nombre personal |
Torres Ribeiro, Ana Clara. |
| Término relacionador |
autor |
| 245 13 - TÍTULO |
| Título del Material |
El rostro urbano de America Latina |
| Mención de responsabilidad, etc. |
/ Ana Clara Torres Ribeiro. |
| Medio físico |
[recurso electrónico] |
| 264 #1 - PRODUCCIÓN, PUBLICACIÓN, DISTRIBUCIÓN, MANUFACTURA, Y COPYRIGHT |
| Lugar de producción, publicación, distribución, manufactura |
Buenos Aires : |
| Nombre del productor, publicador, distribuidor |
Consejo Latinoamericano de Ciencias Sociales, |
| Fecha de producción, publicación, distribución, manufactura, o copyright |
[2005] |
| 264 #4 - PRODUCCIÓN, PUBLICACIÓN, DISTRIBUCIÓN, MANUFACTURA, Y COPYRIGHT |
| Fecha de producción, publicación, distribución, manufactura, o copyright |
© 2005 |
| 300 ## - DESCRIPCIÓN FÍSICA |
| Extensión |
recurso en línea (348 páginas) |
| Dimensiones |
; |
| 336 ## - TIPO DE CONTENIDO |
| Fuente |
rdacontent |
| Término de tipo de contenido |
texto |
| Código de tipo de contenido |
txt |
| 337 ## - TIPO DE MEDIO |
| Fuente |
rdamedia |
| Nombre del tipo de medio |
informático |
| Código del tipo de medio |
c |
| 338 ## - TIPO DE SOPORTE |
| Fuente |
rdacarrier |
| Nombre del tipo de soporte |
remoto |
| Código Tipo de soporte |
cr |
| 347 ## - CARACTERÍSTICAS DEL ARCHIVO DIGITAL |
| Fuente |
rda |
| Tipo de archivo |
fichero de texto |
| Formato de codificación |
Html |
| 490 ## - MENCIÓN DE SERIE |
| Mención de serie |
Colección Grupos de trabajo de CLACSO. |
| 505 ## - NOTA DE CONTENIDO |
| Nota de contenido con formato preestablecido |
Parte I Dossier Quito: esperanzas de democracia en contextos de crisis societaria. -- Parte II Del ángulo de las estructuras: mundialización, red urbana y red técnica. -- Parte III Del ángulo de la reestructuración productiva y del trabajo: privatización, desempleo y desindustrialización. -- Parte IV Del ángulo de la sociabilidad: segregación espacial, estilos de vida y desigualdades sociales. -- Parte V Del ángulo de la gestión urbana y de los actores políticos: alianzas, riesgos y arenas. -- Parte VI Del ángulo de la crisis de la ciudad industrial: saberes, prácticas y discursos. |
| 516 ## - NOTA DE TIPO DE ARCHIVO O DATOS DE COMPUTADOR |
| Nota de tipo de archivo o datos de computador |
Texto electrónico |
| 538 ## - NOTA DE DETALLES DEL SISTEMA |
| Nota de detalles del sistema |
Acceso a Internet; requiere usuario y clave asignada por la biblioteca<br/> |
| 650 #7 - ASIENTO SECUNDARIO DE MATERIA - TERMINO TEMÁTICO |
| Término temático o nombre geográfico como elemento de entrada |
Economia. |
| 650 #7 - ASIENTO SECUNDARIO DE MATERIA - TERMINO TEMÁTICO |
| Término temático o nombre geográfico como elemento de entrada |
Urbanizacion. |
| 650 #7 - ASIENTO SECUNDARIO DE MATERIA - TERMINO TEMÁTICO |
| Término temático o nombre geográfico como elemento de entrada |
Accion social. |
| 650 #7 - ASIENTO SECUNDARIO DE MATERIA - TERMINO TEMÁTICO |
| Término temático o nombre geográfico como elemento de entrada |
America Latina. |
| 856 40 - LOCALIZACIÓN Y ACCESO ELECTRÓNICOS |
| Identificador Uniforme del Recurso |
<a href="http://site.ebrary.com/lib/unisbcsp/Doc?id=10084120">http://site.ebrary.com/lib/unisbcsp/Doc?id=10084120</a> |
| Numero de Acceso |
10084120 |
| Nota dirigida al público |
<a href="Abrir versión electrónica del libro: El rostro urbano de America ">Abrir versión electrónica del libro: El rostro urbano de America </a> |
| 942 ## - TIPO DE MATERIAL (KOHA) |
| Tipo de Item KOHA |
Libros General |
| 945 ## - INFORMACIÓN LOCAL DEL REGISTRO |
| Catalogador |
JTF-925 |